00711cam a22002293a 450000100060000000300060000600500170001200800410002904000150007004200070008505000070009210000330009924500800013226000290021250600300024151600200027165300540029165300410034565300240038683000290041085600420043928093PGUSA20140828083616.0090215s2009||||xxu|||||s|||||000 1 eng d aPGUSAbeng adc 4aPQ1 aLeblanc, Maurice,d1864-194114aThe Confessions of Arsène Lupinh[electronic resource] /cMaurice Leblanc bProject Gutenberg,c2009 aPublic domain in the USA. aElectronic text aLupin, Arsène (Fictitious character) -- Fiction aAdventure and adventurers -- Fiction aBurglars -- Fiction 0aProject Gutenbergv2809340uhttp://www.gutenberg.org/ebooks/28093